History of Music Theory (Record no. 1117177)

MARC details
000 -LEADER
fixed length control field 00659nam a2200229Ia 4500
003 - CONTROL NUMBER IDENTIFIER
control field OSt
005 - DATE AND TIME OF LATEST TRANSACTION
control field 20221006164417.0
008 - FIXED-LENGTH DATA ELEMENTS--GENERAL INFORMATION
fixed length control field 221006b |||||||| |||| 00| 0 eng d
037 ## - SOURCE OF ACQUISITION
Terms of availability Textual
040 ## - CATALOGING SOURCE
Original cataloging agency FML
Transcribing agency FML
Language of cataloging eng
041 ## - LANGUAGE CODE
Source of code eng
Language code of text/sound track or separate title eng
100 ## - MAIN ENTRY--PERSONAL NAME
Personal name Richmond Hugo Au.
9 (RLIN) 677406
245 #0 - TITLE STATEMENT
Title History of Music Theory
Remainder of title Polyphonic Theory from the 9th to 17th Century
260 ## - PUBLICATION, DISTRIBUTION, ETC.
Place of publication, distribution, etc. Nebrooka
Name of publisher, distributor, etc. University of Nibrooka Press
Date of publication, distribution, etc. 1962
300 ## - PHYSICAL DESCRIPTION
Extent 431
Dimensions cm.
942 ## - ADDED ENTRY ELEMENTS (KOHA)
Classification part NR5.1, K22
Koha item type Textual
Source of classification or shelving scheme Colon Classification (CC)
Holdings
Withdrawn status Lost status Source of classification or shelving scheme Damaged status Not for loan Home library Current library Date acquired Total Checkouts Full call number Barcode Date last seen Price effective from Koha item type
    Colon Classification (CC)     Department of Music Library Department of Music Library 2022-10-06   NR5.1 K22 MU0008986 2022-10-06 2022-10-06 Textual
Copyright @ Delhi University Library System